[Event "Chicago op 21st"]
[Site "Wheeling"]
[Date "2012.05.27"]
[Round "7"]
[White "Young, Angelo"]
[Black "Hansen, Eric"]
[Result "0-1"]
[WhiteElo "2338"]
[BlackElo "2454"]
[PlyCount "86"]
[GameId "1166655558852608"]
[EventDate "2012.05.24"]
[EventType "swiss"]
[EventRounds "9"]
[EventCountry "USA"]
[SourceTitle "CBM 148 Extra"]
[Source "ChessBase"]
[SourceDate "2012.06.22"]
[SourceVersion "1"]
[SourceVersionDate "2012.06.22"]
[SourceQuality "1"]

1. Nf3 Nf6 2. g3 g6 3. Bg2 Bg7 4. O-O O-O 5. d4 d5 6. c4 Nc6 7. Na3 Bf5 8. Ne5 Be6 9. Nxc6 bxc6 10. Qa4 dxc4 11. Bxc6 Qxd4 12. Nc2 Qe5 13. Bf4 Qh5 14. Bxa8 Rxa8 15. Rad1 Nd5 16. Qc6 Rb8 17. Bc1 c3 18. b3 Qxe2 19. Ne3 Nxe3 20. Bxe3 Rf8 21. Rfe1 Qxa2 22. Qxc7 h5 23. Rd8 Rxd8 24. Qxd8+ Kh7 25. Qxe7 a5 26. g4 Qxb3 27. gxh5 Qd5 28. hxg6+ Kxg6 29. Qh4 c2 30. f4 Bf5 31. Kf2 Bh6 32. Rg1+ Kh7 33. Qf6 c1=Q 34. Rxc1 Bg4 35. Kg1 Bh3 36. Qb2 a4 37. Qd2 Qh5 38. Qf2 a3 39. Qg3 Bg7 40. Qf2 a2 41. Qc2+ Qg6+ 42. Qxg6+ fxg6 43. Kf2 Bf5 0-1

[Event "Chicago op 21st"]
[Site "Wheeling"]
[Date "2012.05.28"]
[Round "8"]
[White "Hansen, Eric"]
[Black "Managadze, Nikoloz"]
[Result "1-0"]
[WhiteElo "2454"]
[BlackElo "2472"]
[PlyCount "95"]
[GameId "1166655558885376"]
[EventDate "2012.05.24"]
[EventType "swiss"]
[EventRounds "9"]
[EventCountry "USA"]
[SourceTitle "CBM 148 Extra"]
[Source "ChessBase"]
[SourceDate "2012.06.22"]
[SourceVersion "1"]
[SourceVersionDate "2012.06.22"]
[SourceQuality "1"]

1. e4 e5 2. Nf3 d6 3. d4 exd4 4. Nxd4 Nf6 5. Nc3 Be7 6. Bf4 O-O 7. Qd2 Nc6 8. O-O-O Nxd4 9. Qxd4 Be6 10. f3 Nd7 11. Kb1 Bg5 12. g3 Bf6 13. Qd2 Ne5 14. Be2 Nc4 15. Bxc4 Bxc4 16. h4 b5 17. g4 b4 18. Nd5 Bxd5 19. exd5 Rb8 20. g5 Be5 21. Be3 Qd7 22. f4 Bc3 23. Qd3 Qa4 24. Ka1 Qa5 25. bxc3 bxc3 26. Rb1 Qa3 27. Bd4 Rb2 28. Qc4 Re8 29. Rbe1 Reb8 30. h5 h6 31. g6 f6 32. Bc5 Qxc5 33. Qxc5 dxc5 34. Re7 Rxc2 35. Rhe1 Kf8 36. Rf7+ Kg8 37. Rxc7 Rd2 38. Rxc5 Rd8 39. Rxc3 R2xd5 40. Rc7 Kh8 41. Rce7 Rf8 42. Re8 Kg8 43. R1e7 Rxh5 44. Rxf8+ Kxf8 45. Rf7+ Ke8 46. Rxg7 Rf5 47. Rg8+ Ke7 48. Ra8 1-0

[Event "Chicago op 21st"]
[Site "Wheeling"]
[Date "2012.05.28"]
[Round "9"]
[White "Gelashvili, Tamaz"]
[Black "Hansen, Eric"]
[Result "1-0"]
[WhiteElo "2600"]
[BlackElo "2454"]
[PlyCount "129"]
[GameId "1166655558995968"]
[EventDate "2012.05.24"]
[EventType "swiss"]
[EventRounds "9"]
[EventCountry "USA"]
[SourceTitle "CBM 148 Extra"]
[Source "ChessBase"]
[SourceDate "2012.06.22"]
[SourceVersion "1"]
[SourceVersionDate "2012.06.22"]
[SourceQuality "1"]

1. d4 Nf6 2. Nf3 g6 3. c3 Bg7 4. Bg5 b6 5. Nbd2 Bb7 6. e3 c5 7. Bd3 O-O 8. O-O Nc6 9. Qe2 Rc8 10. a3 Qc7 11. b4 Nd8 12. Rad1 Nd5 13. Nb1 cxd4 14. cxd4 Ne6 15. Bh4 d6 16. Rfe1 Bf6 17. Bg3 Nc3 18. Nxc3 Qxc3 19. Qa2 a5 20. b5 a4 21. Bf1 Be4 22. Ra1 Rc7 23. h3 Rfc8 24. Kh2 Qc2 25. Qxc2 Rxc2 26. Red1 Rb2 27. Rdc1 Rbc2 28. Rd1 h5 29. Kg1 Kg7 30. Ne1 Rb2 31. f3 Bd5 32. Bf2 Bb3 33. Rdc1 Rxc1 34. Rxc1 Ra2 35. Nd3 Rxa3 36. Nb4 d5 37. Kh2 Bc4 38. Bxc4 dxc4 39. Nd5 Rb3 40. Nxb6 Rxb5 41. Nxa4 Rb4 42. Nc3 Nc7 43. Bg3 Rb7 44. Ne4 Nd5 45. Nxf6 Kxf6 46. e4 Ne3 47. Be5+ Ke6 48. Bf4 Rb3 49. Kg3 Rd3 50. d5+ Kf6 51. Kf2 Nd1+ 52. Ke2 Nc3+ 53. Ke1 Nb5 54. Rxc4 Rb3 55. Rc6+ Kg7 56. Rb6 f6 57. Rb7 Kf8 58. d6 exd6 59. Bxd6+ Kg8 60. Be7 f5 61. exf5 gxf5 62. Bc5 Rb2 63. Kf1 Rb1+ 64. Kf2 f4 65. Bd6 1-0

[Event "Olympiad-40"]
[Site "Istanbul"]
[Date "2012.08.28"]
[Round "1.3"]
[White "Luxama, Jacques Muller"]
[Black "Hansen, Eric"]
[Result "0-1"]
[WhiteElo "1964"]
[BlackElo "2472"]
[PlyCount "112"]
[GameId "1166655979061248"]
[EventDate "2012.08.28"]
[EventType "team-swiss"]
[EventRounds "11"]
[EventCountry "TUR"]
[SourceTitle "CBM 151"]
[Source "ChessBase"]
[SourceDate "2012.11.13"]
[SourceVersion "1"]
[SourceVersionDate "2012.11.13"]
[SourceQuality "1"]
[WhiteTeam "Haiti"]
[BlackTeam "Canada"]
[WhiteTeamCountry "HAI"]
[BlackTeamCountry "CAN"]

1. e4 c5 2. Nf3 e6 3. d4 cxd4 4. Nxd4 a6 5. Nc3 Qc7 6. Be3 Nf6 7. a3 b5 8. Bd3 Bb7 9. O-O d6 10. f3 Nbd7 11. Qe1 Be7 12. Qg3 h5 13. Rad1 g6 14. Kh1 h4 15. Qf2 Ne5 16. Nb3 Nfd7 17. Be2 Rc8 18. f4 Nc4 19. Bxc4 bxc4 20. Bd4 Rh7 21. Nd2 Nf6 22. h3 Nh5 23. Rfe1 Ba8 24. Kg1 Ng3 25. Nf1 Rb8 26. Nxg3 hxg3 27. Qd2 Rh5 28. Ne2 e5 29. Be3 Rxb2 30. Nxg3 Rh4 31. fxe5 dxe5 32. Bg5 c3 33. Qc1 Rf4 34. Bxf4 exf4 35. Ne2 Bc5+ 36. Nd4 Qe5 37. Kh1 Bxd4 38. Rxd4 Qxd4 39. Qxf4 Rb7 40. Re3 Rb1+ 41. Kh2 Rb5 42. Rd3 Qe5 43. Qxe5+ Rxe5 44. Rxc3 Bxe4 45. Kg3 Kd7 46. Kf4 f6 47. g4 g5+ 48. Kg3 Kd6 49. h4 Rc5 50. Rb3 Bxc2 51. Rf3 Ke5 52. hxg5 fxg5 53. Re3+ Be4 54. Rb3 Rd5 55. Rb8 Rd3+ 56. Kf2 Rxa3 0-1

[Event "Olympiad-40"]
[Site "Istanbul"]
[Date "2012.08.29"]
[Round "2.4"]
[White "Odeev, Handszar"]
[Black "Hansen, Eric"]
[Result "0-1"]
[WhiteElo "2397"]
[BlackElo "2472"]
[PlyCount "72"]
[GameId "1166655980351488"]
[EventDate "2012.08.28"]
[EventType "team-swiss"]
[EventRounds "11"]
[EventCountry "TUR"]
[SourceTitle "CBM 151"]
[Source "ChessBase"]
[SourceDate "2012.11.13"]
[SourceVersion "1"]
[SourceVersionDate "2012.11.13"]
[SourceQuality "1"]
[WhiteTeam "Turkmenistan"]
[BlackTeam "Canada"]
[WhiteTeamCountry "TKM"]
[BlackTeamCountry "CAN"]

1. e4 c5 2. Nf3 e6 3. d4 cxd4 4. Nxd4 a6 5. Nc3 Qc7 6. Bd3 Bc5 7. Nb3 Be7 8. O-O d6 9. Be3 Nd7 10. f4 Ngf6 11. g4 h6 12. a4 b6 13. Qe2 g6 14. Rae1 Bb7 15. Bd4 e5 16. Nd5 Nxd5 17. exd5 O-O 18. fxe5 dxe5 19. c4 b5 20. cxb5 Bxd5 21. Nd2 Bc5 22. Bxc5 Nxc5 23. Bc4 Bxc4 24. Qxc4 axb5 25. axb5 Qb6 26. Kg2 Rad8 27. Ne4 Nd3 28. Re2 Nf4+ 29. Rxf4 exf4 30. Nc5 Qf6 31. Kf3 Rd4 32. Qc3 Qd6 33. Re4 Rd1 34. b4 Rf1+ 35. Kg2 Qd1 36. Qd4 Qf3# 0-1

[Event "Olympiad-40"]
[Site "Istanbul"]
[Date "2012.08.30"]
[Round "3.3"]
[White "Mareco, Sandro"]
[Black "Hansen, Eric"]
[Result "1-0"]
[WhiteElo "2589"]
[BlackElo "2472"]
[PlyCount "57"]
[GameId "1166655981367296"]
[EventDate "2012.08.28"]
[EventType "team-swiss"]
[EventRounds "11"]
[EventCountry "TUR"]
[SourceTitle "CBM 151"]
[Source "ChessBase"]
[SourceDate "2012.11.13"]
[SourceVersion "1"]
[SourceVersionDate "2012.11.13"]
[SourceQuality "1"]
[WhiteTeam "Argentina"]
[BlackTeam "Canada"]
[WhiteTeamCountry "ARG"]
[BlackTeamCountry "CAN"]

1. d4 Nf6 2. c4 g6 3. Nc3 d5 4. cxd5 Nxd5 5. e4 Nxc3 6. bxc3 Bg7 7. Nf3 c5 8. Be2 O-O 9. Rb1 b6 10. O-O Bb7 11. d5 Bxc3 12. h4 Qd6 13. h5 Nd7 14. hxg6 hxg6 15. Rb3 Bf6 16. Bh6 Rfc8 17. Bc4 b5 18. Bxb5 Ba6 19. Bxd7 Qxd7 20. Re1 c4 21. Ra3 Qd6 22. Bc1 e5 23. dxe6 Qxe6 24. e5 Be7 25. Ng5 Qc6 26. Qg4 Bb7 27. Rg3 Kg7 28. Nxf7 Kxf7 29. e6+ 1-0

[Event "Olympiad-40"]
[Site "Istanbul"]
[Date "2012.08.31"]
[Round "4.3"]
[White "Hansen, Eric"]
[Black "Batchuluun, Tsegmed"]
[Result "1-0"]
[WhiteElo "2472"]
[BlackElo "2493"]
[PlyCount "87"]
[GameId "1166655982895104"]
[EventDate "2012.08.28"]
[EventType "team-swiss"]
[EventRounds "11"]
[EventCountry "TUR"]
[SourceTitle "CBM 151"]
[Source "ChessBase"]
[SourceDate "2012.11.13"]
[SourceVersion "1"]
[SourceVersionDate "2012.11.13"]
[SourceQuality "1"]
[WhiteTeam "Canada"]
[BlackTeam "Mongolia"]
[WhiteTeamCountry "CAN"]
[BlackTeamCountry "MGL"]

1. e4 e6 2. d4 d5 3. Nc3 Nf6 4. Bg5 Bb4 5. e5 h6 6. Bd2 Bxc3 7. bxc3 Ne4 8. Qg4 Kf8 9. Qf4 c5 10. Bd3 Nxd2 11. Qxd2 Nc6 12. Nf3 Qa5 13. dxc5 Qxc5 14. O-O Bd7 15. Rab1 b6 16. Rfe1 Rc8 17. Re3 Na5 18. Be2 Nc4 19. Bxc4 Qxc4 20. a3 Qa6 21. Qc1 Kg8 22. Nd4 Kh7 23. Rg3 Rhf8 24. h4 f6 25. Qe1 Qa5 26. f4 f5 27. h5 Rf7 28. Rd1 Re7 29. Kh2 Be8 30. Rh3 Rc4 31. Qh4 Qxa3 32. Rg1 Qc5 33. g4 fxg4 34. Rxg4 Rxd4 35. cxd4 Qxc2+ 36. Rg2 Qc7 37. Rc3 Qd7 38. Rgc2 Rf7 39. Qg4 Qe7 40. Rc7 Qf8 41. Qg6+ Kh8 42. Rc8 Re7 43. f5 exf5 44. Rd8 1-0

[Event "Olympiad-40"]
[Site "Istanbul"]
[Date "2012.09.03"]
[Round "6.4"]
[White "Hansen, Eric"]
[Black "Ibarra Chami, Luis Fernando"]
[Result "1-0"]
[WhiteElo "2472"]
[BlackElo "2481"]
[PlyCount "75"]
[GameId "1166655985389568"]
[EventDate "2012.08.28"]
[EventType "team-swiss"]
[EventRounds "11"]
[EventCountry "TUR"]
[SourceTitle "CBM 151"]
[Source "ChessBase"]
[SourceDate "2012.11.13"]
[SourceVersion "1"]
[SourceVersionDate "2012.11.13"]
[SourceQuality "1"]
[WhiteTeam "Canada"]
[BlackTeam "Mexico"]
[WhiteTeamCountry "CAN"]
[BlackTeamCountry "MEX"]

1. e4 c5 2. Nf3 d6 3. d4 cxd4 4. Nxd4 Nf6 5. Nc3 Nc6 6. Bg5 Bd7 7. Qd2 Rc8 8. O-O-O Nxd4 9. Qxd4 Qa5 10. Bd2 e5 11. Qd3 a6 12. Kb1 Qc7 13. Bg5 Be6 14. Bxf6 gxf6 15. f4 Qa5 16. Nd5 Bg7 17. Qg3 O-O 18. f5 Bxd5 19. Rxd5 Rc5 20. Bc4 Qb4 21. Rxc5 dxc5 22. Bd5 Rd8 23. Rd1 Kf8 24. Rd3 c4 25. c3 Qc5 26. Bxc4 Rxd3 27. Qxd3 Ke7 28. a4 a5 29. Bd5 Qg1+ 30. Ka2 Qb6 31. Qh3 Qd8 32. Qxh7 Qd7 33. Bb3 Kf8 34. Qh5 b6 35. h4 Kg8 36. g4 Qb7 37. g5 Kf8 38. Qh7 1-0

[Event "Olympiad-40"]
[Site "Istanbul"]
[Date "2012.09.04"]
[Round "7.3"]
[White "Hansen, Eric"]
[Black "Teterev, Vitaly"]
[Result "1/2-1/2"]
[WhiteElo "2472"]
[BlackElo "2528"]
[PlyCount "82"]
[GameId "1166655986495488"]
[EventDate "2012.08.28"]
[EventType "team-swiss"]
[EventRounds "11"]
[EventCountry "TUR"]
[SourceTitle "CBM 151"]
[Source "ChessBase"]
[SourceDate "2012.11.13"]
[SourceVersion "1"]
[SourceVersionDate "2012.11.13"]
[SourceQuality "1"]
[WhiteTeam "Canada"]
[BlackTeam "Belarus"]
[WhiteTeamCountry "CAN"]
[BlackTeamCountry "BLR"]

1. e4 c5 2. Nf3 d6 3. d4 cxd4 4. Nxd4 Nf6 5. Nc3 a6 6. Be2 e6 7. Be3 Qc7 8. Qd2 b5 9. a3 Bb7 10. f3 Be7 11. g4 Nfd7 12. h4 Nc6 13. g5 Nxd4 14. Qxd4 O-O 15. O-O-O f5 16. gxf6 Nxf6 17. Bg5 Rf7 18. Kb1 Rc8 19. Qd2 d5 20. Bd3 dxe4 21. Nxe4 Nxe4 22. Bxe4 Bxe4 23. fxe4 Bc5 24. Rhf1 h6 25. Bd8 Qb7 26. Rxf7 Qxf7 27. Qe2 Qf4 28. h5 Bd6 29. Ba5 Be5 30. Rf1 Qh2 31. Rf2 Qg1+ 32. Ka2 Qc1 33. c3 Qg5 34. Bb6 Bf6 35. Be3 Qh4 36. Rf4 Qh3 37. Rg4 Kf7 38. Bd4 e5 39. Be3 Kf8 40. Rg1 Rc4 41. Bf2 Qe6 1/2-1/2

[Event "Olympiad-40"]
[Site "Istanbul"]
[Date "2012.09.06"]
[Round "9.4"]
[White "Hansen, Eric"]
[Black "Kuderinov, Kirill"]
[Result "1-0"]
[WhiteElo "2472"]
[BlackElo "2484"]
[PlyCount "141"]
[GameId "1166655989133312"]
[EventDate "2012.08.28"]
[EventType "team-swiss"]
[EventRounds "11"]
[EventCountry "TUR"]
[SourceTitle "CBM 151"]
[Source "ChessBase"]
[SourceDate "2012.11.13"]
[SourceVersion "1"]
[SourceVersionDate "2012.11.13"]
[SourceQuality "1"]
[WhiteTeam "Canada"]
[BlackTeam "Kazakhstan"]
[WhiteTeamCountry "CAN"]
[BlackTeamCountry "KAZ"]

1. e4 e5 2. Nf3 Nc6 3. Bb5 a6 4. Ba4 Nf6 5. O-O Be7 6. Re1 b5 7. Bb3 d6 8. c3 O-O 9. h3 Na5 10. Bc2 c5 11. d4 Qc7 12. d5 Ne8 13. Nbd2 g6 14. b4 Nb7 15. a4 Rb8 16. axb5 axb5 17. Ra6 Nd8 18. Ra3 c4 19. Nf1 Ng7 20. Bh6 f6 21. g4 Nf7 22. Be3 Bd7 23. Qe2 Rfc8 24. Ng3 Ra8 25. Rea1 Rxa3 26. Rxa3 Qd8 27. Qd1 Ra8 28. Bb6 Qb8 29. Ra5 Rxa5 30. Bxa5 Qa7 31. Qc1 Bd8 32. Bxd8 Nxd8 33. Kg2 Nf7 34. Qd2 Nh8 35. Nh4 Qa6 36. Kh2 g5 37. Nhf5 Ng6 38. Bd1 Nf4 39. Qb2 Nxf5 40. gxf5 Nd3 41. Qd2 Be8 42. Bh5 Bd7 43. Be2 Nf4 44. Nh5 Nxh5 45. Bxh5 Kf8 46. Qe3 Ke7 47. h4 h6 48. hxg5 hxg5 49. Qc1 Qa2 50. Kg3 Kd8 51. Kg2 Kc7 52. Kg3 Qa8 53. Kg2 Qh8 54. Qh1 Qa8 55. Qc1 Kb7 56. Kg3 Qh8 57. Qh1 g4 58. Qh4 Qh6 59. Qxg4 Qc1 60. Qf3 Qg1+ 61. Kh3 Kc7 62. Qg2 Qc1 63. Qf3 Qf1+ 64. Kh2 Kd8 65. Qe2 Qc1 66. Qe3 Qf1 67. Bf7 Ke7 68. Be6 Be8 69. Qb6 Bd7 70. Qa7 Kf8 71. Bxd7 1-0

[Event "Olympiad-40"]
[Site "Istanbul"]
[Date "2012.09.07"]
[Round "10.3"]
[White "Hansen, Eric"]
[Black "Berg, Emanuel"]
[Result "1/2-1/2"]
[WhiteElo "2472"]
[BlackElo "2576"]
[PlyCount "99"]
[GameId "1165543631122432"]
[EventDate "2012.08.28"]
[EventType "team-swiss"]
[EventRounds "11"]
[EventCountry "TUR"]
[SourceTitle "CBM 151"]
[Source "ChessBase"]
[SourceDate "2012.11.13"]
[SourceVersion "1"]
[SourceVersionDate "2012.11.13"]
[SourceQuality "1"]
[WhiteTeam "Canada"]
[BlackTeam "Sweden"]
[WhiteTeamCountry "CAN"]
[BlackTeamCountry "SWE"]

1. e4 c5 2. Nf3 e6 3. d4 cxd4 4. Nxd4 a6 5. Bd3 Bc5 6. Nb3 Be7 7. Qg4 g6 8. Qe2 d6 9. O-O Nd7 10. Na3 b6 11. Nc4 Bb7 12. a4 Qc7 13. a5 b5 14. Nb6 Nxb6 15. axb6 Qxb6 16. Na5 Nf6 17. Bh6 Nd7 18. Kh1 Rc8 19. c4 b4 20. Nxb7 Qxb7 21. c5 Nxc5 22. Bxa6 Nxa6 23. Rxa6 Bf8 24. Bf4 Be7 25. Be3 Bf6 26. Rb6 Qxe4 27. Qb5+ Kf8 28. Bh6+ Bg7 29. Rb8 Bxh6 30. Rxc8+ Kg7 31. Rxh8 Kxh8 32. Qb8+ Kg7 33. Qxd6 Bf4 34. Qd1 Be5 35. Re1 Qf4 36. g3 Qf6 37. b3 Bc3 38. Re2 Qf3+ 39. Kg1 e5 40. Rd2 Qe4 41. Ra2 Bd4 42. Qc2 Qf3 43. Qc4 h5 44. Rd2 h4 45. Rxd4 exd4 46. Qxd4+ Kg8 47. Qd8+ Kg7 48. Qd4+ Kg8 49. Qd8+ Kg7 50. Qd4+ {(=)} 1/2-1/2

[Event "Olympiad-40"]
[Site "Istanbul"]
[Date "2012.09.09"]
[Round "11.3"]
[White "Hansen, Eric"]
[Black "Seitaj, Ilir"]
[Result "1-0"]
[WhiteElo "2472"]
[BlackElo "2400"]
[PlyCount "87"]
[GameId "1166655991324672"]
[EventDate "2012.08.28"]
[EventType "team-swiss"]
[EventRounds "11"]
[EventCountry "TUR"]
[SourceTitle "CBM 151"]
[Source "ChessBase"]
[SourceDate "2012.11.13"]
[SourceVersion "1"]
[SourceVersionDate "2012.11.13"]
[SourceQuality "1"]
[WhiteTeam "Canada"]
[BlackTeam "Albania"]
[WhiteTeamCountry "CAN"]
[BlackTeamCountry "ALB"]

1. e4 e5 2. Nf3 Nc6 3. Bb5 a6 4. Ba4 Nf6 5. O-O Be7 6. Re1 b5 7. Bb3 d6 8. c3 O-O 9. h3 Nd7 10. d4 Bf6 11. a4 Na5 12. Bc2 Bb7 13. Nbd2 exd4 14. Nxd4 b4 15. cxb4 Bxd4 16. bxa5 Ne5 17. Nf3 Nxf3+ 18. Qxf3 Rb8 19. Qg3 Bc8 20. Rb1 Qf6 21. b4 Be6 22. Be3 Ba2 23. Bxd4 Qxd4 24. Red1 Qf6 25. e5 dxe5 26. Rb2 Qe6 27. Qc3 g6 28. Be4 Rfd8 29. Rxd8+ Rxd8 30. b5 axb5 31. axb5 Rd1+ 32. Kh2 Bd5 33. b6 cxb6 34. Rxb6 Qe7 35. Qf3 Bxe4 36. Qxd1 Kg7 37. Qe2 Ba8 38. Qe3 Qc7 39. a6 f6 40. Rb5 Qc6 41. Qa7+ Kh6 42. Rb7 Qc4 43. Rxh7+ Kg5 44. Qxa8 1-0

[Event "NED-chT 1213"]
[Site "Netherlands"]
[Date "2012.12.15"]
[Round "5.3"]
[White "Beukema, Stefan"]
[Black "Hansen, Eric"]
[Result "0-1"]
[WhiteElo "2278"]
[BlackElo "2502"]
[PlyCount "82"]
[GameId "1166656069181440"]
[EventDate "2012.09.15"]
[EventType "team-tourn"]
[EventRounds "9"]
[EventCountry "NED"]
[SourceTitle "EXT 2014"]
[Source "ChessBase"]
[SourceDate "2013.11.20"]
[SourceVersion "1"]
[SourceVersionDate "2013.11.20"]
[SourceQuality "1"]
[WhiteTeam "De Stukkenjagers"]
[BlackTeam "Kennemer Combinatie"]
[WhiteTeamCountry "NED"]
[BlackTeamCountry "NED"]

1. e4 c5 2. Nf3 e6 3. d4 cxd4 4. Nxd4 a6 5. Be3 Nf6 6. Bd3 e5 7. Nb3 d5 8. exd5 Nxd5 9. O-O Nc6 10. Nc3 Be6 11. Nxd5 Qxd5 12. c4 Qd7 13. Qe2 O-O-O 14. Rfd1 Qc7 15. Be4 Bd6 16. Nc5 Bxc5 17. Bxc5 Nd4 18. Bxd4 exd4 19. c5 Rhe8 20. Qf3 Kb8 21. b4 h5 22. h3 f5 23. Bc2 g6 24. Bb3 h4 25. Rac1 Bc8 26. c6 Re5 27. cxb7 Bxb7 28. Qd3 Qe7 29. Bc4 Rd6 30. Qd2 g5 31. Re1 d3 32. a4 Rd4 33. Rxe5 Qxe5 34. f3 g4 35. Bxd3 Qd6 36. Rc3 gxf3 37. Qe3 f4 38. Qe8+ Ka7 39. Bf1 fxg2 40. Bxg2 Rd1+ 41. Bf1 Qd4+ 0-1

[Event "Mexico City UNAM op"]
[Site "Mexico City"]
[Date "2012.11.21"]
[Round "1"]
[White "Beltran Medina, Jorge"]
[Black "Hansen, Eric"]
[Result "0-1"]
[WhiteElo "2057"]
[BlackElo "2539"]
[PlyCount "64"]
[GameId "1166656406016000"]
[EventDate "2012.11.21"]
[EventType "swiss"]
[EventRounds "9"]
[EventCountry "MEX"]
[SourceTitle "CBM 151 Extra"]
[Source "ChessBase"]
[SourceDate "2012.12.18"]
[SourceVersion "1"]
[SourceVersionDate "2012.12.18"]
[SourceQuality "1"]

1. d4 Nf6 2. c4 g6 3. Nc3 d5 4. Bf4 Bg7 5. e3 O-O 6. cxd5 Nxd5 7. Nxd5 Qxd5 8. Bxc7 Na6 9. Bxa6 bxa6 10. Nf3 Qb7 11. Bg3 Qxb2 12. O-O Be6 13. Qc1 Qb7 14. Qa3 Bf5 15. Rfc1 Rfc8 16. Nd2 Bf8 17. Nb3 e5 18. Nc5 exd4 19. exd4 Qd5 20. Be5 Rc6 21. Qb3 Qd8 22. Qf3 Rac8 23. Qe3 Qd5 24. Nb3 a5 25. h3 a4 26. Nc5 Bxc5 27. Rxc5 Rxc5 28. dxc5 Re8 29. f4 f6 30. g4 Bd7 31. Qd4 Rxe5 32. Qc3 Re6 0-1

[Event "Mexico City UNAM op"]
[Site "Mexico City"]
[Date "2012.11.22"]
[Round "2"]
[White "Hansen, Eric"]
[Black "Magana Cazares, Jesus Cuau"]
[Result "1-0"]
[WhiteElo "2539"]
[BlackElo "2129"]
[PlyCount "76"]
[GameId "1166656406069248"]
[EventDate "2012.11.21"]
[EventType "swiss"]
[EventRounds "9"]
[EventCountry "MEX"]
[SourceTitle "CBM 151 Extra"]
[Source "ChessBase"]
[SourceDate "2012.12.18"]
[SourceVersion "1"]
[SourceVersionDate "2012.12.18"]
[SourceQuality "1"]

1. e4 e5 2. Nf3 Nc6 3. Bb5 a6 4. Ba4 Nf6 5. O-O b5 6. Bb3 Be7 7. Re1 d6 8. c3 Bg4 9. h3 Bh5 10. d3 Na5 11. Bc2 c5 12. Nbd2 O-O 13. Nf1 Re8 14. g4 Bg6 15. Ng3 Nc6 16. Nh4 Nd7 17. Nhf5 Bf8 18. g5 Nb6 19. h4 d5 20. Qf3 Bxf5 21. exf5 Qd7 22. Be3 Rad8 23. Rad1 Qc7 24. Qg2 Rd7 25. Kh1 Red8 26. Bc1 c4 27. dxc4 Nxc4 28. Nh5 Ne7 29. f6 Ng6 30. fxg7 Bxg7 31. Nf6+ Kh8 32. h5 Nf4 33. Bxf4 exf4 34. h6 Bxh6 35. gxh6 Rg8 36. Re8 f3 37. Qxf3 Nb6 38. Ra1 Rxe8 1-0

[Event "Mexico City UNAM op"]
[Site "Mexico City"]
[Date "2012.11.22"]
[Round "3"]
[White "Muminova, Nafisa"]
[Black "Hansen, Eric"]
[Result "1/2-1/2"]
[WhiteElo "2349"]
[BlackElo "2539"]
[PlyCount "144"]
[GameId "1166656406118400"]
[EventDate "2012.11.21"]
[EventType "swiss"]
[EventRounds "9"]
[EventCountry "MEX"]
[SourceTitle "CBM 151 Extra"]
[Source "ChessBase"]
[SourceDate "2012.12.18"]
[SourceVersion "1"]
[SourceVersionDate "2012.12.18"]
[SourceQuality "1"]

1. e4 c6 2. d4 d5 3. Nd2 dxe4 4. Nxe4 Nd7 5. Bc4 Ndf6 6. Ng5 Nh6 7. N1f3 g6 8. Ne5 Nd5 9. Ngf3 f6 10. Nd3 Nf7 11. O-O Bg7 12. a4 O-O 13. Bb3 e5 14. c4 Nc7 15. dxe5 fxe5 16. Nc5 Qe7 17. Ne4 Bf5 18. Nfg5 Rad8 19. Qe1 Rd4 20. f3 Bxe4 21. Nxe4 Bh6 22. c5 Nd5 23. a5 a6 24. Ra4 Rxa4 25. Bxa4 Kg7 26. Bd2 Rd8 27. Bc3 Be3+ 28. Kh1 Bd4 29. Bb3 Ne3 30. Rf2 Ng5 31. Nxg5 Qxg5 32. Bd2 Qf5 33. Re2 Nd5 34. Qh4 Rd7 35. Bc2 Qh5 36. Qe1 Nf4 37. Bxf4 exf4 38. Re7+ Rxe7 39. Qxe7+ Kh6 40. Qf8+ Kg5 41. Bd1 Qh4 42. Qd8+ Bf6 43. Qd2 Kh5 44. b3 Be5 45. g3 Qf6 46. Qd7 Kh6 47. Qd2 Qg5 48. Kg2 Qe7 49. gxf4 Bc7 50. b4 Qh4 51. Kg1 Bxf4 52. Qe2 Qd8 53. Kg2 Qg5+ 54. Kh1 Qh4 55. Bb3 Qg5 56. Be6 Be3 57. Qf1 Qf4 58. Bc4 Kg7 59. Qe2 h5 60. Be6 Qe5 61. Bc8 Qg5 62. Qd1 Qf4 63. Bxb7 Qxb4 64. Bxc6 Qxc5 65. Qa1+ Bd4 66. Qd1 Be5 67. Qd7+ Kh6 68. Qd2+ Kg7 69. Qd7+ Kh6 70. Qd2+ g5 71. Be4 Bf4 72. Qb2 Qc1+ 1/2-1/2

[Event "Mexico City UNAM op"]
[Site "Mexico City"]
[Date "2012.11.23"]
[Round "4"]
[White "Hansen, Eric"]
[Black "Capo Vidal, Uriel"]
[Result "0-1"]
[WhiteElo "2539"]
[BlackElo "2319"]
[PlyCount "76"]
[GameId "1166656406159360"]
[EventDate "2012.11.21"]
[EventType "swiss"]
[EventRounds "9"]
[EventCountry "MEX"]
[SourceTitle "CBM 151 Extra"]
[Source "ChessBase"]
[SourceDate "2012.12.18"]
[SourceVersion "1"]
[SourceVersionDate "2012.12.18"]
[SourceQuality "1"]

1. e4 c5 2. Nf3 Nc6 3. Bb5 Nf6 4. Nc3 Qc7 5. Bxc6 Qxc6 6. Qe2 d6 7. d4 Bg4 8. d5 Qc8 9. Bg5 Nd7 10. Qe3 h6 11. Bh4 Bxf3 12. Qxf3 Ne5 13. Qe2 g5 14. Bg3 Bg7 15. h4 Ng6 16. h5 Nf4 17. Qf3 Be5 18. Bxf4 Bxf4 19. Nd1 b5 20. Ne3 c4 21. Ng4 f6 22. g3 Be5 23. c3 a5 24. a3 b4 25. axb4 axb4 26. O-O Rb8 27. Ra7 bxc3 28. bxc3 Bxc3 29. Rc1 Bd4 30. Ra4 c3 31. Rxd4 c2 32. Nh2 Rb1 33. Qa3 Qc5 34. Qa8+ Kf7 35. Qxh8 Rxc1+ 36. Kg2 Qxd4 37. Qh7+ Ke8 38. Ng4 Re1 0-1

[Event "Mexico City UNAM op"]
[Site "Mexico City"]
[Date "2012.11.25"]
[Round "7"]
[White "Estrada Nieto, Julian"]
[Black "Hansen, Eric"]
[Result "0-1"]
[WhiteElo "2295"]
[BlackElo "2539"]
[PlyCount "95"]
[GameId "1166656406294528"]
[EventDate "2012.11.21"]
[EventType "swiss"]
[EventRounds "9"]
[EventCountry "MEX"]
[SourceTitle "CBM 151 Extra"]
[Source "ChessBase"]
[SourceDate "2012.12.18"]
[SourceVersion "1"]
[SourceVersionDate "2012.12.18"]
[SourceQuality "1"]

1. e4 c5 2. Nf3 e6 3. c3 Nf6 4. e5 Nd5 5. Bc4 d6 6. d4 Nc6 7. exd6 Bxd6 8. O-O cxd4 9. cxd4 O-O 10. Re1 b6 11. a3 Bb7 12. Bxd5 exd5 13. Nc3 Qd7 14. Bg5 Rfe8 15. Qa4 a6 16. Bh4 b5 17. Qc2 Bf8 18. Rad1 f6 19. Bg3 g5 20. Re3 Re7 21. h4 h6 22. hxg5 hxg5 23. Qg6+ Bg7 24. Nh2 Rxe3 25. fxe3 Ne7 26. Qh5 a5 27. Ng4 b4 28. Nh6+ Bxh6 29. Qxh6 bxc3 30. Qxf6 Ra6 31. Qf2 Qf5 32. Qe2 c2 33. Rf1 Rc6 34. Rc1 Ba6 35. Qh5 Ng6 36. e4 dxe4 37. d5 Rc8 38. d6 Bb5 39. a4 Bxa4 40. Qe2 Bb5 41. Qd2 Bd3 42. d7 Rd8 43. Qc3 Rxd7 44. Qb3+ Rf7 45. Qb8+ Rf8 46. Qb3+ Qf7 47. Qb6 Nf4 48. Ra1 0-1